000 00446nam a2200169Ia 4500
008 100405t1957 xxu||||| |||| 00| 0 sin d
041 _asin
080 _aX8S31
_bWIC
100 _aWickramasingha, Martin
245 _aකලියුගය
246 _aKaliugaya ( LIB / 63 / 6 / 25 )
260 _bMount
_aColombo
_c1957
_c1967
_c1996
300 _a232p., 16 cm
942 _cBK
999 _c74076
_d74076
003 LK-CoDNM
040 _aLK-CoDNM
_dLK-CoDNM
_eLK-CoDNM